<?xml version="1.0" encoding="UTF-8"?>
<record
    xmlns:xsi="http://www.w3.org/2001/XMLSchema-instance"
    xsi:schemaLocation="http://www.loc.gov/MARC21/slim http://www.loc.gov/standards/marcxml/schema/MARC21slim.xsd"
    xmlns="http://www.loc.gov/MARC21/slim">

  <leader>00868nam a22001577a 4500</leader>
  <controlfield tag="003">OSt</controlfield>
  <controlfield tag="005">20151008150154.0</controlfield>
  <controlfield tag="008">151008b        xxu||||| |||| 00| 0 eng d</controlfield>
  <datafield tag="040" ind1=" " ind2=" ">
    <subfield code="c">RUA</subfield>
  </datafield>
  <datafield tag="082" ind1=" " ind2=" ">
    <subfield code="a">AVM BUO 2008 B081 Or.1</subfield>
  </datafield>
  <datafield tag="100" ind1=" " ind2=" ">
    <subfield code="9">2368</subfield>
    <subfield code="a">BOUY, RINNE.</subfield>
  </datafield>
  <datafield tag="245" ind1=" " ind2=" ">
    <subfield code="a">Effect of fresh and  willing cassava leaves with  methionine supplementation on growing pigs with basic diet of broken rice and sugar solution, &#x1794;&#x17D2;&#x179A;&#x179F;&#x17B7;&#x1791;&#x17D2;&#x1792;&#x1797;&#x17B6;&#x1796;&#x179F;&#x17D2;&#x179B;&#x17B9;&#x1780;&#x178A;&#x17C6;&#x17A1;&#x17BC;&#x1784;&#x1798;&#x17B8;&#x179F;&#x17D2;&#x179A;&#x179F;&#x17CB; &#x1793;&#x17B7;&#x1784;&#x200B;&#x179F;&#x17C6;&#x178A;&#x17B7;&#x179B;&#x178A;&#x17C4;&#x1799;&#x1794;&#x1793;&#x17D2;&#x1790;&#x17C2;&#x1798;&#x1798;&#x17C1;&#x178F;&#x17D2;&#x1799;&#x17BC;&#x1793;&#x17B8;&#x1793;&#x179B;&#x17BE;&#x1780;&#x17B6;&#x179A;&#x1780;&#x17B6;&#x179A;&#x179B;&#x17BC;&#x178F;&#x179B;&#x17B6;&#x179F;&#x17CB;&#x179A;&#x1794;&#x179F;&#x17CB;&#x1787;&#x17D2;&#x179A;&#x17BC;&#x1780;&#x178A;&#x17C4;&#x1799;&#x1798;&#x17B6;&#x1793;&#x1785;&#x17BB;&#x1784;&#x17A2;&#x1784;&#x17D2;&#x1780;&#x179A; &#x1793;&#x17B7;&#x1784;&#x179F;&#x17BC;&#x179B;&#x17BB;&#x1799;&#x179F;&#x17D2;&#x1799;&#x17BB;&#x1784;&#x179F;&#x17D2;&#x1780;&#x179A;&#x1787;&#x17B6;&#x1785;&#x17C6;&#x178E;&#x17B8;&#x1782;&#x17D2;&#x179A;&#x17B9;&#x17C7;</subfield>
  </datafield>
  <datafield tag="260" ind1=" " ind2=" ">
    <subfield code="a">Phnom Penh</subfield>
    <subfield code="b">RUA</subfield>
    <subfield code="c">2008</subfield>
  </datafield>
  <datafield tag="300" ind1=" " ind2=" ">
    <subfield code="a">43p.</subfield>
    <subfield code="b">ill.</subfield>
    <subfield code="c">29cm.</subfield>
  </datafield>
  <datafield tag="942" ind1=" " ind2=" ">
    <subfield code="2">ddc</subfield>
    <subfield code="c">AVM</subfield>
  </datafield>
  <datafield tag="999" ind1=" " ind2=" ">
    <subfield code="c">2230</subfield>
    <subfield code="d">2230</subfield>
  </datafield>
  <datafield tag="952" ind1=" " ind2=" ">
    <subfield code="0">0</subfield>
    <subfield code="1">0</subfield>
    <subfield code="2">ddc</subfield>
    <subfield code="4">0</subfield>
    <subfield code="6">AVM_BUO_2008_000000000000000_B081_OR_1</subfield>
    <subfield code="7">0</subfield>
    <subfield code="9">9251</subfield>
    <subfield code="a">LBB</subfield>
    <subfield code="b">LBB</subfield>
    <subfield code="c">B081</subfield>
    <subfield code="d">2015-10-08</subfield>
    <subfield code="o">AVM BUO 2008 B081 Or.1</subfield>
    <subfield code="p">RUA008613</subfield>
    <subfield code="r">2015-10-08</subfield>
    <subfield code="w">2015-10-08</subfield>
    <subfield code="y">AVM</subfield>
  </datafield>
  <datafield tag="952" ind1=" " ind2=" ">
    <subfield code="0">0</subfield>
    <subfield code="1">0</subfield>
    <subfield code="2">ddc</subfield>
    <subfield code="4">0</subfield>
    <subfield code="6">AVM_BUO_2008_000000000000000_B081_OR_2</subfield>
    <subfield code="7">0</subfield>
    <subfield code="9">9252</subfield>
    <subfield code="a">LBB</subfield>
    <subfield code="b">LBB</subfield>
    <subfield code="c">B081</subfield>
    <subfield code="d">2015-10-08</subfield>
    <subfield code="l">1</subfield>
    <subfield code="o">AVM BUO 2008 B081 Or.2</subfield>
    <subfield code="p">RUA007922</subfield>
    <subfield code="r">2017-08-01</subfield>
    <subfield code="s">2017-02-10</subfield>
    <subfield code="w">2015-10-08</subfield>
    <subfield code="y">AVM</subfield>
  </datafield>
  <datafield tag="952" ind1=" " ind2=" ">
    <subfield code="0">0</subfield>
    <subfield code="1">0</subfield>
    <subfield code="2">ddc</subfield>
    <subfield code="4">0</subfield>
    <subfield code="6">AVM_BUO_2008_000000000000000_B081_OR_3</subfield>
    <subfield code="7">0</subfield>
    <subfield code="9">9253</subfield>
    <subfield code="a">LBB</subfield>
    <subfield code="b">LBB</subfield>
    <subfield code="c">B081</subfield>
    <subfield code="d">2015-10-08</subfield>
    <subfield code="o">AVM BUO 2008 B081 Or.3</subfield>
    <subfield code="p">RUA007720</subfield>
    <subfield code="r">2015-10-08</subfield>
    <subfield code="w">2015-10-08</subfield>
    <subfield code="y">AVM</subfield>
  </datafield>
  <datafield tag="952" ind1=" " ind2=" ">
    <subfield code="0">0</subfield>
    <subfield code="1">0</subfield>
    <subfield code="2">ddc</subfield>
    <subfield code="4">0</subfield>
    <subfield code="6">AVM_BUO_2008_000000000000000_B081_OR_4</subfield>
    <subfield code="7">0</subfield>
    <subfield code="9">9254</subfield>
    <subfield code="a">LBB</subfield>
    <subfield code="b">LBB</subfield>
    <subfield code="c">B081</subfield>
    <subfield code="d">2015-10-08</subfield>
    <subfield code="o">AVM BUO 2008 B081 Or.4</subfield>
    <subfield code="p">RUA007923</subfield>
    <subfield code="r">2015-10-08</subfield>
    <subfield code="w">2015-10-08</subfield>
    <subfield code="y">AVM</subfield>
  </datafield>
  <datafield tag="952" ind1=" " ind2=" ">
    <subfield code="0">0</subfield>
    <subfield code="1">0</subfield>
    <subfield code="2">ddc</subfield>
    <subfield code="4">0</subfield>
    <subfield code="6">AVM_BUO_2008_000000000000000_B081_OR_5</subfield>
    <subfield code="7">0</subfield>
    <subfield code="9">9255</subfield>
    <subfield code="a">LBB</subfield>
    <subfield code="b">LBB</subfield>
    <subfield code="c">B081</subfield>
    <subfield code="d">2015-10-08</subfield>
    <subfield code="o">AVM BUO 2008 B081 Or.5</subfield>
    <subfield code="p">RUA007994</subfield>
    <subfield code="r">2015-10-08</subfield>
    <subfield code="w">2015-10-08</subfield>
    <subfield code="y">AVM</subfield>
  </datafield>
  <datafield tag="952" ind1=" " ind2=" ">
    <subfield code="0">0</subfield>
    <subfield code="1">0</subfield>
    <subfield code="2">ddc</subfield>
    <subfield code="4">0</subfield>
    <subfield code="6">AVM_BUO_2008_000000000000000_B081_OR_6</subfield>
    <subfield code="7">0</subfield>
    <subfield code="9">9256</subfield>
    <subfield code="a">LBB</subfield>
    <subfield code="b">LBB</subfield>
    <subfield code="c">B081</subfield>
    <subfield code="d">2015-10-08</subfield>
    <subfield code="o">AVM BUO 2008 B081 Or.6</subfield>
    <subfield code="p">RUA007648</subfield>
    <subfield code="r">2015-10-08</subfield>
    <subfield code="w">2015-10-08</subfield>
    <subfield code="y">AVM</subfield>
  </datafield>
  <datafield tag="952" ind1=" " ind2=" ">
    <subfield code="0">0</subfield>
    <subfield code="1">0</subfield>
    <subfield code="2">ddc</subfield>
    <subfield code="4">0</subfield>
    <subfield code="6">AVM_BUO_2008_000000000000000_B081_OR_7</subfield>
    <subfield code="7">0</subfield>
    <subfield code="9">9257</subfield>
    <subfield code="a">LBB</subfield>
    <subfield code="b">LBB</subfield>
    <subfield code="c">B081</subfield>
    <subfield code="d">2015-10-08</subfield>
    <subfield code="o">AVM BUO 2008 B081 Or.7</subfield>
    <subfield code="p">RUA025259</subfield>
    <subfield code="r">2015-10-08</subfield>
    <subfield code="w">2015-10-08</subfield>
    <subfield code="y">AVM</subfield>
  </datafield>
  <datafield tag="952" ind1=" " ind2=" ">
    <subfield code="0">0</subfield>
    <subfield code="1">0</subfield>
    <subfield code="2">ddc</subfield>
    <subfield code="4">0</subfield>
    <subfield code="6">AVM_BUO_2008_000000000000000_B081_OR_8</subfield>
    <subfield code="7">0</subfield>
    <subfield code="9">9258</subfield>
    <subfield code="a">LBB</subfield>
    <subfield code="b">LBB</subfield>
    <subfield code="c">B081</subfield>
    <subfield code="d">2015-10-08</subfield>
    <subfield code="o">AVM BUO 2008 B081 Or.8</subfield>
    <subfield code="p">RUA025243</subfield>
    <subfield code="r">2015-10-08</subfield>
    <subfield code="w">2015-10-08</subfield>
    <subfield code="y">AVM</subfield>
  </datafield>
  <datafield tag="952" ind1=" " ind2=" ">
    <subfield code="0">0</subfield>
    <subfield code="1">0</subfield>
    <subfield code="2">ddc</subfield>
    <subfield code="4">0</subfield>
    <subfield code="6">AVM_BUO_2008_000000000000000_B081_OR_9</subfield>
    <subfield code="7">0</subfield>
    <subfield code="9">9259</subfield>
    <subfield code="a">LBB</subfield>
    <subfield code="b">LBB</subfield>
    <subfield code="c">B081</subfield>
    <subfield code="d">2015-10-08</subfield>
    <subfield code="l">1</subfield>
    <subfield code="o">AVM BUO 2008 B081 Or.9</subfield>
    <subfield code="p">RUA025244</subfield>
    <subfield code="r">2018-06-29</subfield>
    <subfield code="s">2018-06-25</subfield>
    <subfield code="w">2015-10-08</subfield>
    <subfield code="y">AVM</subfield>
  </datafield>
  <datafield tag="952" ind1=" " ind2=" ">
    <subfield code="0">0</subfield>
    <subfield code="1">0</subfield>
    <subfield code="2">ddc</subfield>
    <subfield code="4">0</subfield>
    <subfield code="6">AVM_BUO_2008_000000000000000_B081_OR_10</subfield>
    <subfield code="7">0</subfield>
    <subfield code="9">9260</subfield>
    <subfield code="a">LBB</subfield>
    <subfield code="b">LBB</subfield>
    <subfield code="c">B081</subfield>
    <subfield code="d">2015-10-08</subfield>
    <subfield code="o">AVM BUO 2008 B081 Or.10</subfield>
    <subfield code="p">RUA025387</subfield>
    <subfield code="r">2015-10-08</subfield>
    <subfield code="w">2015-10-08</subfield>
    <subfield code="y">AVM</subfield>
  </datafield>
</record>
